000
00267nam a2200109Ia 4500
008
200302s9999 xx 000 0 und d
100
_a
Hiro Kshikawa
245
_a
Restaurant Interior Vol 6
260
_b
Kawade Shobo Shinsha Publishers
260
_c
2007
300
_a
184
999
_c
3733
_d
3733